00509nam a2200169Ia 4500008004100000020001800041041000800059082001300067100002900080260002700109245001500136250000600151300000700157650002600164999001700190952013200207220805s9999 xx 000 0 und d a88-7070-136-0 aeng a677.0954 aHageney, Wolfgana989732 aItalybBelvederec1994 aAsian Folk a1 a73 aTextile Design989733 c49296d49296 001040708FNaMNVTbMNVTd2022-08-09eDonatedo677.0954/HAG/DB1970pMNVT-DB-1970r2022-08-09 00:00:00w2022-08-09yDBzDB1970